00339nam a2200133Ia 4500008004100000020001500041041001200056082001600068100001700084245006300101260002500164300000800189650000800197221030s9999 xx 000 0 und d a8120300548 aEnglish a105.23bJor aE. C. Jordan 0aElectromagnetic Waves & Radiating Systemscby E. C. Jordan bPHIaNew Delhic2000 a753 aEMT